书目信息 |
| 题名: |
法理学进阶
|
|
| 作者: | 付子堂 主编 | |
| 分册: | ||
| 出版信息: | 北京 法律出版社 2013 |
|
| 页数: | 338页 | |
| 开本: | 23cm | |
| 丛书名: | ||
| 单 册: | ||
| 中图分类: | D903 | |
| 科图分类: | ||
| 主题词: | 法理学--高等教育--教材 , 法理学 | |
| 电子资源: | ||
| ISBN: | 978-7-5118-5238-0 | |
| 000 | 01104nam0 2200277 450 | |
| 001 | 523 | |
| 005 | 20140905102229.64 | |
| 010 | @a978-7-5118-5238-0@dCNY36.00 | |
| 100 | @a20131107d2013 em y0chiy50 ea | |
| 101 | 0 | @achi@eeng |
| 102 | @aCN@b110000 | |
| 105 | @ay z 000yy | |
| 106 | @ar | |
| 200 | 1 | @a法理学进阶@AFa Li Xue Jin Jie@dAn advanced course in jurisprudence@f付子堂主编@FFu Zi Tang Zhu Bian@g付子堂[等]撰稿@zeng |
| 205 | @a4版 | |
| 210 | @a北京@c法律出版社@d2013 | |
| 215 | @a338页@d23cm | |
| 300 | @a新阶梯卓越法律人才培养系列教材 普通高等教育“十一五”国家级规划教材 | |
| 330 | @a本书分法律本体论、法律价值论、法律方法论、法律社会论四编,共二十章。主要包括:法律与意志、权利与义务、法律与权益、法律价值、法律与正义、法律与人权、法律与幸福、法律与秩序、法律方法、法律解释、法律推理、法律论证、法律与社会等内容。 | |
| 510 | 1 | @aAdvanced course in jurisprudence@zeng |
| 606 | 0 | @a法理学@x高等教育@j教材 |
| 606 | 0 | @a法理学 |
| 690 | @aD903@v5 | |
| 701 | 0 | @a付子堂@AFu Zi Tang@f(1965.10~)@4主编@4撰稿 |
| 801 | 0 | @aCN@bTANGWEI@c20140603 |
| 905 | @b0841685-87@dD903@e509=4@f3 | |
| 法理学进阶=An advanced course in jurisprudence/付子堂主编/付子堂[等]撰稿.-4版.-北京:法律出版社,2013 |
| 338页;23cm |
| 新阶梯卓越法律人才培养系列教材 普通高等教育“十一五”国家级规划教材 |
| ISBN 978-7-5118-5238-0:CNY36.00 |
| 本书分法律本体论、法律价值论、法律方法论、法律社会论四编,共二十章。主要包括:法律与意志、权利与义务、法律与权益、法律价值、法律与正义、法律与人权、法律与幸福、法律与秩序、法律方法、法律解释、法律推理、法律论证、法律与社会等内容。 |
| ● |
| 相关链接 |
|
|
|
|
正题名:法理学进阶
索取号:D903/509=4
 
预约/预借
| 序号 | 登录号 | 条形码 | 馆藏地/架位号 | 状态 | 备注 |
| 1 | 0841685 | 208416855 | 第一样本阅览室/ [索取号:D903/509=4] | 在馆 | |
| 2 | 0841686 | 208416864 | 第一借阅区/ [索取号:D903/509=4] | 在馆 | |
| 3 | 0841687 | 208416873 | 密集书库-史法系/ [索取号:D903/509=4] | 在馆 |